|
|
|
|
| LEADER |
00000nab a22000001a 4500 |
| 001 |
vtls009313488 |
| 003 |
SK-MaSNL |
| 005 |
20260303055836.0 |
| 008 |
080721d19380729xo |r|p|||| |000 b|slo |
| 015 |
|
|
|a SNBRRBVU1918-1938
|
| 015 |
|
|
|a SNBRB1918-1938
|
| 038 |
|
|
|a SNKBUCL
|
| 038 |
|
|
|a SNKBUVU
|
| 040 |
|
|
|a SNKBUVU
|b slo
|c SNKBUCL
|e AACR2
|
| 041 |
0 |
|
|a slo
|
| 044 |
|
|
|a xo
|c SK
|
| 080 |
|
|
|a 75.071.1
|2 1997
|
| 080 |
|
|
|a 929 Matejko, Jan
|2 1997
|
| 245 |
0 |
0 |
|a Sté výročie narodenia slávneho poľského maliara Matejku
|
| 600 |
1 |
7 |
|a Matejko, Jan,
|d 1838-1893
|2 snkbucl
|9 433275
|
| 655 |
|
7 |
|a profily
|2 MM
|9 341977
|
| 773 |
0 |
|
|t Slovák
|g Roč. 20, č. 170 (29.7.1938), s. 4
|
| 852 |
|
|
|a SNK
|b KIS3GCP
|
| 910 |
|
|
|a snkrbvumm
|
| 958 |
|
|
|a VY
|
| 958 |
|
|
|a PL
|
| 999 |
|
|
|c 1729068
|d 1730998
|